00596nab a22001577a 4500003000400000005001700004008004100021040000800062041000800070044000800078100014200086245011000228260001000338500002600348773006400374BPK20160212110446.0160212b1986 ru ||||| |||| 00| ||rus  cBPK arus aRUS aDIAKUN, Jarosław.d1975 - 1996.bWyższa Szkoła Inżynierska w Koszalinie - Wydział Mechaniczny,cKatedra Inżynierii Spożywczej  aAlgoritm rasceta osnovnych parametrov zony pitanija cervjacnogo pressa /cJarosław Diakun, L.F. Voronin. c1986. aDane z kartoteki bpp. iW :tChimiceskoe Masinostroenie. -g1986, Vyp. 44, s. 28-34